| 000 -LEADER |
| fixed length control field |
00775nam a22001697a 4500 |
| 005 - DATE AND TIME OF LATEST TRANSACTION |
| control field |
20231215125005.0 |
| 008 - FIXED-LENGTH DATA ELEMENTS--GENERAL INFORMATION |
| fixed length control field |
231215s1984 ru ||||| |||| 00| 0 rus d |
| 041 ## - LANGUAGE CODE |
| Language code of text/sound track or separate title |
rus |
| 080 ## - UNIVERSAL DECIMAL CLASSIFICATION NUMBER |
| Universal Decimal Classification number |
1(091)(37+38) Ф-91 |
| 100 ## - MAIN ENTRY--PERSONAL NAME |
| Personal name |
Фролов, Э.Д. |
| 9 (RLIN) |
20763 |
| 245 ## - TITLE STATEMENT |
| Title |
Огни Диоскуров : |
| Remainder of title |
Античные теории переустройства общества и государства / |
| Statement of responsibility, etc. |
Э.Д. Фролов. |
| 264 ## - PRODUCTION, PUBLICATION, DISTRIBUTION, MANUFACTURE, AND COPYRIGHT NOTICE |
| Place of production, publication, distribution, manufacture |
Л.: |
| Name of producer, publisher, distributor, manufacturer |
ЛГУ, |
| Date of production, publication, distribution, manufacture, or copyright notice |
1984. |
| 300 ## - PHYSICAL DESCRIPTION |
| Extent |
192 с. |
| Other physical details |
22 см. |
| 653 ## - INDEX TERM--UNCONTROLLED |
| keyword |
დიოსკურიის ნათება |
| 653 ## - INDEX TERM--UNCONTROLLED |
| keyword |
საზოგადოებისა და სახელმწიფოს რეორგანიზაციის უძველესი თეორიები |
| 942 ## - ADDED ENTRY ELEMENTS (KOHA) |
| Source of classification or shelving scheme |
|
| Koha item type |
წიგნი |